| 000 | 01012nam a22002537a 4500 | ||
|---|---|---|---|
| 005 | 20170124102927.0 | ||
| 010 | _aB-176914 | ||
| 020 | _c00.00 | ||
| 035 | _aB-176914 | ||
| 037 | _bCen Lib/Ret | ||
| 040 |
_aDPL _bHN |
||
| 082 |
_aउ _bनागेश्व |
||
| 100 |
_aनागेश्वर प्रसाद सिंह _9197 |
||
| 245 |
_aचोधारानी / _cनागेश्वर प्रसाद सिंह |
||
| 246 |
_aChodharani / _bby Nageshvar Prasad Singh |
||
| 260 |
_aनयी दिल्ली _bजानकी प्रकाशन _c1998 |
||
| 270 |
_aगंज्मीरखन, दरयागंज _bनयी दिल्ली _e110002 |
||
| 300 |
_a260पृ. _c20सेमी(सजिल्द) |
||
| 650 |
_aहिंदी साहित्य _944067 |
||
| 650 |
_aहिंदी उपन्यास _944068 |
||
| 650 |
_aHindi literature _944069 |
||
| 650 |
_aHindi fiction _927248 |
||
| 942 |
_2ddc _cHN _hउ _mनागेश्व |
||
| 999 |
_c111682 _d111682 |
||